000 00539cam a2200217ua 4500
020 _c14.00
041 _aeng
_h
082 _a540
_bKHO/TE
100 _aKhadakov, Y V .
245 _aText book of chemistry /
_cY V Khadakov.
_hTextual Documents
260 _aDelhi :
_bRajkamal Prakashan ,
_c1963.
300 _a448 ; .
365 _a14.00
504 _a
700 1 _aEpsthtein, D A .
700 1 _aShepovalenco, S G .
700 1 _aTravetcov, L A .
942 _cBK
999 _c10730
_d10730